Nhập môn lập trình ngôn ngữ C Lý thuyết, ví dụ, bài tập, bài mẫu
Saved in:
| Main Author: | |
|---|---|
| Format: | Book |
| Language: | Undetermined |
| Published: |
Hà Nội
KHKT
2000
|
| Subjects: | |
| Tags: |
Add Tag
No Tags, Be the first to tag this record!
|
| Institutions: | Trung tâm Học liệu Trường Đại học Cần Thơ |
|---|
| LEADER | 00606nam a2200181Ia 4500 | ||
|---|---|---|---|
| 001 | CTU_36110 | ||
| 008 | 210402s9999 xx 000 0 und d | ||
| 082 | |a 005.133 | ||
| 082 | |b Nh123 | ||
| 100 | |a Trần Việt Linh | ||
| 245 | 0 | |a Nhập môn lập trình ngôn ngữ C | |
| 245 | 0 | |b Lý thuyết, ví dụ, bài tập, bài mẫu | |
| 245 | 0 | |c Trần Việt Linh, Lê Đăng Hưng, Lê Đức Trung | |
| 260 | |a Hà Nội | ||
| 260 | |b KHKT | ||
| 260 | |c 2000 | ||
| 650 | |a c ( computer program language ) | ||
| 980 | |a Trung tâm Học liệu Trường Đại học Cần Thơ | ||